| 000 | 00406cam a22001337a 4500 | ||
|---|---|---|---|
| 008 | 180718b1974 xxu||||| |||| 00| 0 eng d | ||
| 082 | _aB136x54 In1 | ||
| 245 |
_aCommunity development and democratic growth _cedited by N.R. Inamdar |
||
| 260 |
_aBombay _bPopular Prakashan _c1974 |
||
| 300 | _axiv, 224p | ||
| 650 | _aPanchayat --India. | ||
| 650 | _aCommunity development --India | ||
| 700 | _aInamdar, N.R. | ||
| 999 |
_c418520 _d418520 |
||